Zgadnij europejski kraj po krajobrazie. - Statystyki

Ogólne statystyki
  • Ten quiz został rozwiązany 221 razy
  • Średni wynik to 10 z 12
Statystyki odpowiedzi
Obrazkowy Odpowiedź % Poprawnych
Francja
100%
Polska
99%
Grecja
93%
Holandia
92%
Włochy
92%
Niemcy
89%
Hiszpania
87%
Austria
84%
Czechy
83%
Chorwacja
78%
Portugalia
75%
Norwegia
70%
Nie znaleziono quizów pasujących do podanych kryteriów
Rozkład punktacji
Procent ludzi z każdym wynikiem
Percentyl według liczby udzielonych odpowiedzi
Twoja historia wyników
Nie rozwiązałeś tego quizu